| 000 | 00723nam a22002412 4500 | ||
|---|---|---|---|
| 001 | 0000004389 | ||
| 005 | 20151217151937.0 | ||
| 008 | 070522s xx 000 0 eng d | ||
| 020 |
_a8185386633 : _cKES 620 |
||
| 040 |
_aKABU _cKABU |
||
| 050 | 0 |
_aHF5823 _b.S26 2004 |
|
| 100 | 1 |
_aSandage, C. H. _@0000154924 |
|
| 245 | 1 | 0 |
_aAdvertising theory and practice / _cC. H. Sandage, Vernon Fryburger, Kim Rotzoll. |
| 250 | _a11th ed. | ||
| 260 |
_aDelhi : _bAITBS, _c2004. |
||
| 300 | _axv, 509 p. | ||
| 650 | 0 |
_aAdvertising. _@0000071054 |
|
| 700 | 1 |
_aFryburger, Vernon. _@0000154925 |
|
| 700 | 1 |
_aRotzoll, Kim. _@0000154926 |
|
| 908 | _a070522 | ||
| 950 | _@1 | ||
| 999 |
_c6576 _d6576 |
||